[Event "FRA-ch U16 Girls"]
[Site "Montlucon"]
[Date "2011.04.24"]
[Round "9"]
[White "Griggio, Julie"]
[Black "Finkel, Anne Sophie"]
[Result "1-0"]
[WhiteElo "1796"]
[BlackElo "1700"]
[PlyCount "93"]
[EventDate "2011.04.17"]
[EventType "swiss"]
[EventRounds "9"]
[EventCountry "FRA"]
[SourceTitle "CBM 142 Extra"]
[Source "ChessBase"]
[SourceDate "2011.06.27"]
[SourceVersion "1"]
[SourceVersionDate "2011.06.27"]
[SourceQuality "1"]

1. e4 Nf6 2. e5 Nd5 3. c4 Nb6 4. d4 d6 5. exd6 cxd6 6. Nf3 Bg4 7. Be2 N8d7 8. b3 e6 9. Bb2 Nf6 10. 0-0 Be7 11. h3 Bxf3 12. Bxf3 d5 13. Nd2 0-0 14. g3 Rc8 15. Rc1 Bb4 16. c5 Nbd7 17. a3 Bxd2 18. Qxd2 Ne4 19. Qe2 f5 20. Bg2 Qa5 21. f3 Qd2 22. Rfe1 Qxe2 23. Rxe2 Nxg3 24. Rxe6 Kf7 25. Ree1 Rfe8 26. Kf2 f4 27. h4 Nf6 28. Bh3 Rxe1 29. Rxe1 Re8 30. Bc1 Ngh5 31. Be6+ Kg6 32. Rg1+ Kh6 33. Rg5 b6 34. b4 Ne4+ 35. fxe4 dxe4 36. Rf5 Re7 37. d5 Kg6 38. Rg5+ Kh6 39. d6 e3+ 40. Ke2 Rxe6 41. d7 f3+ 42. Kxf3 Rf6+ 43. Kxe3 Rf8 44. c6 Nf6 45. Kd4 g6 46. Re5+ Kg7 47. Bg5 1-0

[Event "FRA-ch U16 Girls"]
[Site "Montlucon"]
[Date "2011.04.23"]
[Round "8"]
[White "Fischer, Julie"]
[Black "Griggio, Julie"]
[Result "1-0"]
[WhiteElo "1823"]
[BlackElo "1796"]
[PlyCount "95"]
[EventDate "2011.04.17"]
[EventType "swiss"]
[EventRounds "9"]
[EventCountry "FRA"]
[SourceTitle "CBM 142 Extra"]
[Source "ChessBase"]
[SourceDate "2011.06.27"]
[SourceVersion "1"]
[SourceVersionDate "2011.06.27"]
[SourceQuality "1"]

1. e4 e6 2. d3 d5 3. Nd2 c5 4. Ngf3 Nc6 5. g3 Nf6 6. Bg2 Be7 7. 0-0 0-0 8. Re1 Qc7 9. e5 Nd7 10. Qe2 b5 11. Nf1 Bb7 12. h4 Rac8 13. N1h2 Nd4 14. Qd1 Nxf3+ 15. Nxf3 Nb8 16. Bh3 d4 17. Ng5 Bxg5 18. Bxg5 h6 19. Bf4 Qc6 20. Re4 Nd7 21. Kh2 Qb6 22. Re1 Qc6 23. Rg1 Qf3 24. Qd2 Qh5 25. Rae1 Bf3 26. g4 Qxh4 27. g5 hxg5 28. Bxg5 Qh5 29. Qf4 Bd5 30. Bh6 g6 31. Bxf8 Rxf8 32. Rg4 Qh7 33. Reg1 Qg7 34. Rg5 Rb8 35. Bg2 Bxg2 36. Kxg2 Kf8 37. Kf1 Ke7 38. Qh4 Ke8 39. Rh5 Nf8 40. f4 Kd7 41. Rh8 Rc8 42. Rh1 a5 43. Qe1 b4 44. Qe4 Rc6 45. R8h2 a4 46. c3 bxc3 47. bxc3 Rb6 48. cxd4 1-0

[Event "FRA-ch U16 Girls"]
[Site "Montlucon"]
[Date "2011.04.18"]
[Round "2"]
[White "Griggio, Julie"]
[Black "Etienne, Alice"]
[Result "1-0"]
[WhiteElo "1796"]
[BlackElo "1583"]
[PlyCount "91"]
[EventDate "2011.04.17"]
[EventType "swiss"]
[EventRounds "9"]
[EventCountry "FRA"]
[SourceTitle "CBM 142 Extra"]
[Source "ChessBase"]
[SourceDate "2011.06.27"]
[SourceVersion "1"]
[SourceVersionDate "2011.06.27"]
[SourceQuality "1"]

1. e4 e6 2. d4 d5 3. e5 c5 4. c3 Qb6 5. Nf3 Nc6 6. a3 Bd7 7. b4 cxd4 8. cxd4 Rc8 9. Bb2 Na5 10. Nbd2 Nc4 11. Nxc4 dxc4 12. Rc1 a5 13. Nd2 c3 14. Bxc3 axb4 15. axb4 Bxb4 16. Nc4 Bxc3+ 17. Rxc3 Qb4 18. Qb3 Qxb3 19. Rxb3 Rc7 20. Nd6+ Ke7 21. Rxb7 Rxb7 22. Nxb7 Nh6 23. Kd2 Nf5 24. Kc3 Rc8+ 25. Nc5 Bc6 26. Rg1 Rd8 27. Nb3 Ba4 28. g4 Nh6 29. Nc5 Rc8 30. Bc4 Bc6 31. f4 g6 32. Bd3 f5 33. exf6+ Kf7 34. g5 Nf5 35. Bxf5 exf5 36. Re1 Be4 37. Kb4 Rb8+ 38. Kc4 Rc8 39. d5 Bd3+ 40. Kxd3 Rxc5 41. Re7+ Kg8 42. Kd4 Rc8 43. f7+ Kf8 44. Re8+ Rxe8 45. fxe8Q+ Kxe8 46. Ke5 1-0

[Event "FRA-chT2 1011"]
[Site "France"]
[Date "2010.11.14"]
[Round "3.7"]
[White "Griggio, Julie"]
[Black "Chretien, Catherine"]
[Result "1-0"]
[WhiteElo "1789"]
[BlackElo "1760"]
[PlyCount "85"]
[EventDate "2010.10.17"]
[EventType "team-tourn"]
[EventRounds "11"]
[EventCountry "FRA"]
[SourceTitle "EXT 2012"]
[Source "ChessBase"]
[SourceDate "2011.11.24"]
[SourceVersion "1"]
[SourceVersionDate "2011.11.24"]
[SourceQuality "1"]

1. e4 e6 2. d4 d5 3. e5 c5 4. c3 Qb6 5. Nf3 Nc6 6. a3 Nh6 7. Bd3 Be7 8. dxc5 Bxc5 9. Qc2 Ng4 10. 0-0 Ngxe5 11. Nxe5 Nxe5 12. Be2 Bd7 13. b4 Bd6 14. Be3 Qc7 15. Nd2 Nc4 16. Nxc4 Bxh2+ 17. Kh1 dxc4 18. Bxc4 Qxc4 19. Kxh2 Rc8 20. Bd4 f6 21. Rfc1 e5 22. Bxa7 0-0 23. Bc5 Rfe8 24. a4 Qf4+ 25. Kg1 Qg4 26. Qd1 Qe6 27. a5 Bb5 28. Qf3 Bc6 29. Qe2 Qd5 30. f3 e4 31. fxe4 Rxe4 32. Qa2 Rc4 33. Rd1 Qe4 34. Re1 Qd3 35. Rad1 Qg3 36. Qxc4+ Kh8 37. Qe2 h6 38. Rd3 Qg6 39. Re3 Rd8 40. b5 Bd5 41. Re8+ Rxe8 42. Qxe8+ Kh7 43. Qxg6+ 1-0

[Event "FRA-ch U16 Girls"]
[Site "Troyes"]
[Date "2010.04.15"]
[Round "6"]
[White "Alonso, Audrey"]
[Black "Griggio, Julie"]
[Result "1-0"]
[WhiteElo "1782"]
[BlackElo "1816"]
[PlyCount "101"]
[EventDate "2010.04.11"]
[EventType "swiss"]
[EventRounds "9"]
[EventCountry "FRA"]
[SourceTitle "EXT 2012"]
[Source "ChessBase"]
[SourceDate "2011.11.24"]
[SourceVersion "1"]
[SourceVersionDate "2011.11.24"]
[SourceQuality "1"]

1. e4 e6 2. d4 d5 3. exd5 exd5 4. Bd3 Bd6 5. Ne2 Ne7 6. Bf4 Be6 7. Nd2 Nbc6 8. c3 Ng6 9. Bg3 Qd7 10. Qc2 0-0-0 11. b4 Nge7 12. Qa4 Nf5 13. b5 Nb8 14. Qxa7 Nxg3 15. hxg3 Bf5 16. Bxf5 Qxf5 17. Nb3 Rde8 18. Na5 Qc2 19. Qxb7+ Kd7 20. 0-0 Qxe2 21. Qxd5 Qe6 22. Qf3 f6 23. Nc6 Kc8 24. Na7+ Kd8 25. Rae1 Qxa2 26. Ra1 Qc4 27. Qg4 g6 28. Qf3 Ke7 29. Rfb1 Nd7 30. Nc6+ Kf7 31. Na5 Qe2 32. Qd5+ Qe6 33. Qc6 Nb8 34. Qf3 Qe4 35. Qd1 Qe2 36. Qb3+ Qe6 37. c4 Nd7 38. Re1 Qg4 39. c5+ Kg7 40. cxd6 cxd6 41. Qd5 Nb6 42. Qxd6 Nc8 43. Qc7+ Kh6 44. Qf4+ Qxf4 45. gxf4 Nd6 46. b6 Rb8 47. Rab1 Rhc8 48. Re7 Nf5 49. Rd7 Ng7 50. d5 Nf5 51. Nc6 1-0

[Event "FRA-chB (Women)"]
[Site "Belfort"]
[Date "2010.??.??"]
[Round "3"]
[White "Choisy, Mathilde"]
[Black "Griggio, Julie"]
[Result "1-0"]
[WhiteElo "2168"]
[BlackElo "1795"]
[PlyCount "41"]
[EventDate "2010.08.09"]
[EventType "tourn"]
[EventRounds "11"]
[EventCountry "FRA"]
[SourceTitle "EXT 2011"]
[Source "ChessBase"]
[SourceDate "2010.11.26"]
[SourceVersion "1"]
[SourceVersionDate "2010.11.26"]
[SourceQuality "1"]

1. d4 Nf6 2. c4 g6 3. Nc3 Bg7 4. e4 d6 5. Nf3 0-0 6. Be2 Nbd7 7. 0-0 e5 8. d5 Nc5 9. Qc2 a5 10. Bg5 h6 11. Be3 b6 12. Nd2 Ng4 13. Bxg4 Bxg4 14. f3 Bd7 15. b3 f5 16. a3 f4 17. Bf2 g5 18. b4 Nb7 19. c5 bxc5 20. bxc5 c6 21. Qb3 1-0

[Event "FRA-chB (Women)"]
[Site "Belfort"]
[Date "2010.??.??"]
[Round "4"]
[White "Griggio, Julie"]
[Black "Benmesbah, Natacha"]
[Result "0-1"]
[WhiteElo "1795"]
[BlackElo "2165"]
[PlyCount "64"]
[EventDate "2010.08.09"]
[EventType "tourn"]
[EventRounds "11"]
[EventCountry "FRA"]
[SourceTitle "EXT 2011"]
[Source "ChessBase"]
[SourceDate "2010.11.26"]
[SourceVersion "1"]
[SourceVersionDate "2010.11.26"]
[SourceQuality "1"]

1. e4 c5 2. Nf3 d6 3. c3 Nf6 4. h3 e6 5. Bd3 Nc6 6. Bc2 Be7 7. 0-0 0-0 8. d4 cxd4 9. cxd4 Nb4 10. Nc3 Nxc2 11. Qxc2 a6 12. Be3 b5 13. e5 dxe5 14. dxe5 Nd5 15. Nxd5 Qxd5 16. Rfd1 Qb7 17. Rac1 h6 18. Bc5 Bxc5 19. Qxc5 Qb8 20. Rd6 Bb7 21. Rb6 Qa7 22. Qc7 Rac8 23. Qxb7 Rxc1+ 24. Kh2 Qxb7 25. Rxb7 Ra8 26. Nd4 Rd1 27. Nf3 Rb1 28. b3 Rb2 29. Kg3 Rxa2 30. Rc7 Rb2 31. Nd4 Rd2 32. Nf3 Rd3 0-1

[Event "FRA-chB (Women)"]
[Site "Belfort"]
[Date "2010.??.??"]
[Round "2"]
[White "Griggio, Julie"]
[Black "Rigolot, Lucie"]
[Result "0-1"]
[WhiteElo "1795"]
[BlackElo "1902"]
[PlyCount "92"]
[EventDate "2010.08.09"]
[EventType "tourn"]
[EventRounds "11"]
[EventCountry "FRA"]
[SourceTitle "EXT 2011"]
[Source "ChessBase"]
[SourceDate "2010.11.26"]
[SourceVersion "1"]
[SourceVersionDate "2010.11.26"]
[SourceQuality "1"]

1. e4 c5 2. Nf3 d6 3. c3 Nf6 4. h3 Nc6 5. Bd3 d5 6. e5 c4 7. Bc2 Nd7 8. Qe2 g5 9. 0-0 Bg7 10. e6 fxe6 11. Nxg5 Nde5 12. f4 Bh6 13. b3 0-0 14. h4 Bxg5 15. hxg5 cxb3 16. axb3 Nf7 17. d4 Nd6 18. Nd2 Qc7 19. g3 Nxd4 20. cxd4 Qxc2 21. Qe3 Nf5 22. Qf2 Qc3 23. Ra3 Qxd4 24. Qxd4 Nxd4 25. Bb2 Nc6 26. Nf3 Bd7 27. Ne5 Rfd8 28. Nxc6 Bxc6 29. Bd4 a6 30. Re1 Kf7 31. b4 Rac8 32. Rae3 Bd7 33. Rc3 Rxc3 34. Bxc3 Rc8 35. Rc1 d4 36. Bd2 Rxc1+ 37. Bxc1 e5 38. fxe5 Ke6 39. Bf4 b6 40. Kf2 a5 41. bxa5 bxa5 42. Ke2 a4 43. Kd2 Kd5 44. Kc2 Kc4 45. Bc1 Bf5+ 46. Kd1 Kb3 0-1

[Event "St Chely d'Aubrac op 8th"]
[Site "St Chely d'Aubrac"]
[Date "2008.07.17"]
[Round "7"]
[White "Caparros, Nina"]
[Black "Griggio, Julie"]
[Result "0-1"]
[WhiteElo "1199"]
[BlackElo "1760"]
[PlyCount "70"]
[EventDate "2008.07.13"]
[EventType "swiss"]
[EventRounds "9"]
[EventCountry "FRA"]
[SourceTitle "CBM 125 Extra"]
[Source "ChessBase"]
[SourceDate "2008.09.01"]
[SourceVersion "1"]
[SourceVersionDate "2008.09.01"]
[SourceQuality "1"]

1. e4 e6 2. d4 d5 3. e5 c5 4. c3 Nc6 5. Nf3 Qb6 6. Be2 cxd4 7. cxd4 Bb4+ 8. Nc3 Nge7 9. 0-0 0-0 10. a3 Bxc3 11. bxc3 Bd7 12. Qc2 Rac8 13. Bd3 Ng6 14. Bxg6 fxg6 15. Be3 Ne7 16. Nd2 Nf5 17. Rab1 Qc7 18. Qb3 b6 19. Rbc1 Qb7 20. c4 dxc4 21. Nxc4 Qd5 22. Rc3 Nxd4 23. Bxd4 Qxd4 24. Rd3 Qxc4 25. Qxc4 Rxc4 26. Rxd7 Ra4 27. Re7 Rxa3 28. Rxe6 Kf7 29. Rc6 Re8 30. f4 b5 31. f5 gxf5 32. Rxf5+ Kg8 33. Rc7 Rf8 34. Rg5 Ra1+ 35. Rc1 Rxc1# 0-1

[Event "FRA-ch U12 Girls"]
[Site "Le Grand Bornand"]
[Date "2007.04.??"]
[Round "3"]
[White "Griggio, Julie"]
[Black "Aflalo, Sophie"]
[Result "0-1"]
[WhiteElo "1600"]
[BlackElo "1954"]
[PlyCount "93"]
[EventDate "2007.04.07"]
[EventType "swiss"]
[EventRounds "9"]
[EventCountry "FRA"]
[SourceTitle "CBM 118 Extra"]
[Source "ChessBase"]
[SourceDate "2007.07.04"]
[SourceVersion "1"]
[SourceVersionDate "2007.07.04"]
[SourceQuality "1"]

1. e4 c5 2. c3 b6 3. d4 Bb7 4. Bd3 Nf6 5. Qc2 cxd4 6. cxd4 Nc6 7. Nf3 Nb4 8. Qd1 Nxd3+ 9. Qxd3 Bxe4 10. Qd1 e6 11. 0-0 Be7 12. Nc3 Bb7 13. Be3 0-0 14. h3 d6 15. Ne2 Bxf3 16. gxf3 Qd7 17. Ng3 Nd5 18. Bd2 Bf6 19. Be3 Bh4 20. Kh2 Bxg3+ 21. Kxg3 f5 22. Kh2 f4 23. Bd2 Rf6 24. Rg1 Rh6 25. Rg4 Rf8 26. Qe2 Rf5 27. Kg2 Qe7 28. Rh1 Rhf6 29. a3 h5 30. h4 hxg4 31. Kf1 gxf3 32. Qxf3 Rh6 33. h5 Qg5 34. Ke1 Rxh5 35. Rf1 Qf6 36. Bc3 Rfg5 37. a4 Qf5 38. Kd2 Rh3 39. Qe2 Nxc3 40. bxc3 Qd5 41. Qd1 Qc4 42. Qc1 Qd3+ 43. Ke1 Qxf1+ 44. Kxf1 Rh1+ 45. Ke2 Rxc1 46. Kd2 Ra1 47. Ke2 0-1

[Event "FRA-ch U10 Girls"]
[Site "Calvi"]
[Date "2005.04.19"]
[Round "3"]
[White "Griggio, Julie"]
[Black "Fischer, Julie"]
[Result "0-1"]
[WhiteElo "1460"]
[BlackElo "1390"]
[PlyCount "120"]
[EventDate "2005.04.??"]
[EventType "swiss"]
[EventRounds "9"]
[EventCountry "FRA"]
[SourceTitle "EXT 2006"]
[Source "ChessBase"]
[SourceDate "2005.11.24"]
[SourceVersion "1"]
[SourceVersionDate "2005.11.24"]
[SourceQuality "1"]

1. e4 e5 2. Nf3 Nf6 3. Nc3 Nc6 4. d3 Bc5 5. h3 h6 6. Be2 d6 7. Bd2 Be6 8. 0-0 0-0 9. a3 d5 10. Nxd5 Nxd5 11. exd5 Bxd5 12. Bc3 Qf6 13. b4 Bd6 14. Bb2 Rad8 15. c4 Be6 16. Qc2 Qg6 17. Kh1 Rfe8 18. Bc1 Bf5 19. Nh4 Qf6 20. Nxf5 Qxf5 21. Bf3 Nd4 22. Qd1 Nxf3 23. Qxf3 Qg6 24. Rd1 e4 25. Qg4 Qxg4 26. hxg4 exd3 27. Be3 Be5 28. Rab1 Re7 29. g5 Re6 30. g3 Rg6 31. gxh6 gxh6 32. Bxa7 b6 33. c5 Ra8 34. cxb6 cxb6 35. Bxb6 Rxb6 36. Rxd3 Rf6 37. Kg2 h5 38. Rd5 Bc7 39. Rb3 Bb6 40. f3 Rd8 41. Rxh5 Rd2+ 42. Kh3 Rd1 43. Rg5+ Kh7 44. a4 Kh6 45. Kg4 Rd4+ 46. f4 Kh7 47. Rb1 Rh6 48. a5 Bd8 49. Rf5 Rg6+ 50. Kf3 Rd3+ 51. Kf2 Rgxg3 52. Rh1+ Kg6 53. Re5 Bf6 54. Reh5 Bd4+ 55. Ke2 Rde3+ 56. Kf2 Ra3+ 57. Ke2 Rg2+ 58. Kf1 Rb2 59. Rg5+ Kf6 60. Rh6+ Ke7 0-1